Rubber growing in Cote dIvoire : Current situation and prospects (Record no. 67633)

MARC details
000 -LEADER
fixed length control field 00499nam a2200193Ia 4500
100 ## - MAIN ENTRY--AUTHOR NAME
Personal name Keli J Z
245 #0 - TITLE STATEMENT
Title Rubber growing in Cote dIvoire : Current situation and prospects
260 ## - PUBLICATION, DISTRIBUTION, ETC. (IMPRINT)
Name of publisher Plantations, Recherche, Developpement
Year of publication 1997
300 ## - PHYSICAL DESCRIPTION
Number of Pages 14-Nov
650 ## - SUBJECT ADDED ENTRY--TOPICAL TERM
Topical Term Cote dIvoire
650 ## - SUBJECT ADDED ENTRY--TOPICAL TERM
Topical Term Hevea
650 ## - SUBJECT ADDED ENTRY--TOPICAL TERM
Topical Term Rubber industry
700 ## - ADDED ENTRY--PERSONAL NAME
Personal name Allet Don A
700 ## - ADDED ENTRY--PERSONAL NAME
Personal name Boa D
700 ## - ADDED ENTRY--PERSONAL NAME
Personal name Dea B G
700 ## - ADDED ENTRY--PERSONAL NAME
Personal name Kpolo D M
942 ## - ADDED ENTRY ELEMENTS (KOHA)
Koha item type Journals
Holdings
Withdrawn status Lost status Damaged status Not for loan Home library Current library Shelving location Date acquired Serial Enumeration / chronology Koha item type
      Journals RRII Library RRII Library Agricultural economics 17/12/2021 Volume 4, Issue 1 Journals